[Event "Pindamonhangaba op"]
[Site "Pindamonhangaba"]
[Date "2011.07.17"]
[Round "4"]
[White "Dos Santos, Jose Francisco"]
[Black "Blit, Jacques"]
[Result "0-1"]
[WhiteElo "2237"]
[BlackElo "2294"]
[PlyCount "102"]
[EventDate "2011.07.15"]
[EventType "swiss"]
[EventRounds "5"]
[EventCountry "BRA"]
[SourceTitle "EXT 2014"]
[Source "ChessBase"]
[SourceDate "2013.11.20"]
[SourceVersion "1"]
[SourceVersionDate "2013.11.20"]
[SourceQuality "1"]

1. e4 c5 2. Nf3 Nc6 3. Bb5 g6 4. 0-0 Bg7 5. c3 Nf6 6. Re1 a6 7. Bxc6 dxc6 8. d4 cxd4 9. cxd4 Bg4 10. e5 Nd5 11. Nc3 Nxc3 12. bxc3 Qd5 13. h3 Bxf3 14. Qxf3 Qxf3 15. gxf3 e6 16. f4 0-0-0 17. Be3 Rd7 18. Kg2 Rhd8 19. a4 Bf8 20. Kf3 c5 21. Rab1 Rc7 22. Rb3 c4 23. Rb2 Rd5 24. Ra1 Ra5 25. Rba2 Be7 26. Ke2 Kd7 27. Kd2 Kc6 28. Rb1 Rc8 29. Kc2 Ra8 30. Rba1 Bd8 31. Bc1 b5 32. f3 Kd5 33. Bb2 Bc7 34. Bc1 Rxa4 35. Rxa4 bxa4 36. Rxa4 a5 37. Ba3 Bd8 38. Bd6 f6 39. Ba3 fxe5 40. fxe5 Ra7 41. Bc1 Rf7 42. f4 g5 43. fxg5 Rf2+ 44. Kb1 Rf3 45. h4 Rxc3 46. Ra3 Rxa3 47. Bxa3 Kxd4 48. Kc2 Ke3 49. Bc5+ Kf3 50. Kc3 Kg4 51. Kxc4 Bc7 0-1